| 000 | 00773nam a2200217Ia 4500 | ||
|---|---|---|---|
| 001 | 2476 | ||
| 003 | GE_BSU | ||
| 008 | 181216s||||||||xx |||||||||||||| ||und|| | ||
| 020 | _a9994039040 | ||
| 040 | _cGE_BSU | ||
| 080 | _a28 | ||
| 245 | _aმუჰამედი. ცხოვრება და რელიგიური მოძღვრება . | ||
| 245 | _cთარგმნა და შენიშვნ. დაურთო მიხეილ მახარაძემ | ||
| 260 | _aთბილისი | ||
| 260 | _bინტელექტი | ||
| 260 | _c2005 | ||
| 300 | _a136 გვ | ||
| 541 | _h5 ლ. | ||
| 653 | _aმედი. ცხოვრება და რელიგიური მოძღვრება | ||
| 942 | _cBK | ||
| 999 |
_c36557 _d36557 |
||